A Comprehensive Textbook Of Child Health Nursing (Pediatric Nursing (5th And 6th Semester) (Record no. 370111)
[ view plain ]
| 000 -LEADER | |
|---|---|
| fixed length control field | 00816nam a22001937a 4500 |
| 003 - CONTROL NUMBER IDENTIFIER | |
| control field | OSt |
| 005 - DATE AND TIME OF LATEST TRANSACTION | |
| control field | 20260128142718.0 |
| 008 - FIXED-LENGTH DATA ELEMENTS--GENERAL INFORMATION | |
| fixed length control field | 260123b |||||||| |||| 00| 0 eng d |
| 020 ## - INTERNATIONAL STANDARD BOOK NUMBER | |
| International Standard Book Number | 9789392019289 |
| 041 ## - LANGUAGE CODE | |
| Language code of text/sound track or separate title | Eng |
| 082 ## - DEWEY DECIMAL CLASSIFICATION NUMBER | |
| Classification number | 616.7368/NAI |
| 100 ## - MAIN ENTRY--PERSONAL NAME | |
| Personal name | Naik Kanchana |
| 9 (RLIN) | 216459 |
| 245 ## - TITLE STATEMENT | |
| Title | A Comprehensive Textbook Of Child Health Nursing (Pediatric Nursing (5th And 6th Semester) |
| 260 ## - PUBLICATION, DISTRIBUTION, ETC. (IMPRINT) | |
| Place of publication, distribution, etc. | Jaipur |
| Name of publisher, distributor, etc. | Publisher: BOOKERA |
| 300 ## - PHYSICAL DESCRIPTION | |
| Extent | 868 P |
| 500 ## - GENERAL NOTE | |
| Keywords | how to describe the principles of child health nursing and perform child health nursing procedures and how to demonstrate competencies in newborn assessment, planning and implementation of care to normal and high-risk newborn including neonatal resuscitation, child CPR and much more. |
| 610 ## - SUBJECT ADDED ENTRY--CORPORATE NAME | |
| Corporate name or jurisdiction name as entry element | Child Health Nursing |
| 9 (RLIN) | 216460 |
| 942 ## - ADDED ENTRY ELEMENTS (KOHA) | |
| Source of classification or shelving scheme | Dewey Decimal Classification |
| Koha item type | Donated Book |
| Withdrawn status | Lost status | Source of classification or shelving scheme | Damaged status | Not for loan | Home library | Current library | Date acquired | Vendor | Cost, normal purchase price | Bill number | Total Checkouts | Full call number | Barcode | Date last seen | Date last checked out | Cost, replacement price | Bill Date | Koha item type |
|---|---|---|---|---|---|---|---|---|---|---|---|---|---|---|---|---|---|---|
| Dewey Decimal Classification | Sitabai Nargundkar College of Nursing Nagpur | Sitabai Nargundkar College of Nursing Nagpur | 21/02/2026 | DONATED BY Deepali Tayade | 850.00 | IK#2025-26#00919 | 4 | 616.7368 NAI | SNCN-DB-371 | 12/05/2026 | 02/04/2026 | 850.00 | 29/01/2026 | Donated Book |